00390nam a2200097Ia 4500001000400000008004100004082002300045100007500068245012200143260002700265998241024s9999 xx 000 0 und d aRD/370.97293/R426o aRepública Dominicana.Secretaría de Estado de Educación y Cultura 0aOrientaciones Psicipedagógicas para el Mejoramiento de la Práctica Educativa, jornada de capacitación verano 98 bEd. Alfa y Omegac1998